It looks like you're offline.
Open Library logo
additional options menu

MARC Record from Scriblio

Record ID marc_records_scriblio_net/part20.dat:4899638:1350
Source Scriblio
Download Link /show-records/marc_records_scriblio_net/part20.dat:4899638:1350?format=raw

LEADER: 01350cam 2200361 a 4500
001 88012190
003 DLC
005 20041112112731.0
008 880331s1990 nyuaf s000 1 eng
010 $a 88012190
020 $a0887069053
020 $a088706907X (pbk.)
040 $aDLC$cDLC$dDLC
043 $ae-uk---$ae-uk-st
050 00 $aPS1418$b.T5 1990
082 00 $a813/.2$219
100 1 $aCooper, James Fenimore,$d1789-1851.
245 14 $aThe two admirals :$ba tale /$cJames Fenimore Cooper ; historical introduction by Donald A. Ringe ; text established by James A. Sappenfield and E.N. Feltskog.
260 $aAlbany :$bState University of New York Press,$cc1990.
300 $axlii, 511 p., [4] leaves of plates :$bill. ;$c24 cm.
490 1 $aThe writings of James Fenimore Cooper
651 0 $aGreat Britain$xHistory, Naval$y18th century$vFiction.
650 0 $aKings and rulers$xSuccession$vFiction.
650 0 $aJacobite Rebellion, 1745-1746$vFiction.
650 0 $aInheritance and succession$vFiction.
650 0 $aMale friendship$vFiction.
650 0 $aAdmirals$vFiction.
655 7 $aHistorical fiction.$2gsafd
655 7 $aSea stories.$2gsafd
700 1 $aRinge, Donald A.
700 1 $aSappenfield, James A.,$d1940-
700 1 $aFeltskog, E. N.
800 1 $aCooper, James Fenimore,$d1789-1851.$tWorks.$f1980.